000 00766nam a2200265Ia 4500
003 OSt
005 20220928124624.0
006 a|||||r|||| 00| 0
007 ta
008 220927b |||||||| |||| 00| 0 eng d
020 _c709.19240000000002
024 _a117165
037 _b170, 20/09/2012, Classic Book Service
_cTextual
040 _aSDCL
_cSDCL
_beng
041 _2eng
_aeng
082 _aW, P4
100 _aHeywood Andrew
_9445243
245 0 _aPolitical theory
_b An introduction.
250 _a3 rd.
260 _aHoundmills
_bPalgrave Macmillan
_c2004
300 _axvi,416p
_ccm.
650 _aPolitical Science
942 _hW, P4
_cTEXL
_2CC
999 _c779381
_d779381